00585nam a2200169Ia 4500008004100000020001800041041000800059082001800067100002100085245007300106250000600179260004400185300001300229650002700242999001900269952012700288210716s2014 xx 000 0 und d a9788184950151 aeng a658.3124 TRUS aTruelove, Steve. aTraining and development: theory and practice.bTheory and practice. a1 aNew DelhibJaico Publishing Housec2014 axvii,227 aTraining & Development c208629d208629 001040708MBAaAIMITbAIMITd2014-10-08g399.00l0o658.3124 TRUSpMBA11195r2026-05-23 00:00:00v319.20w2021-07-16yBK